书目信息 |
| 题名: |
数字无线传输
|
|
| 作者: | 姚庆栋 编著 | |
| 分册: | ||
| 出版信息: | 杭州 浙江大学出版社 1992.11 |
|
| 页数: | 439页 | |
| 开本: | 32开 | |
| 丛书名: | ||
| 单 册: | ||
| 中图分类: | TN92 | |
| 科图分类: | ||
| 主题词: | 无线电通信 | |
| 电子资源: | ||
| ISBN: | 7-308-00279-9 | |
| 000 | 00551nam0 2200193 45 | |
| 001 | 0010032071 | |
| 005 | 20001003202725.6 | |
| 010 | @a7-308-00279-9@d4.55元 | |
| 100 | @a20001003d1992 km y0chiy0120 ea | |
| 101 | 0 | @achi |
| 105 | @a z 000yy | |
| 200 | 1 | @a数字无线传输@AShu Zi Wu Xian Chuan Shu@f姚庆栋等编著@FYao Qing Dong Deng Bian Zhu |
| 210 | @a杭州@c浙江大学出版社@d1992.11 | |
| 215 | @a439页@d32开 | |
| 606 | 0 | @a无线电通信 |
| 690 | @aTN92@v3 | |
| 701 | 0 | @a姚庆栋@4编著 |
| 801 | @aCN@bPftUser@c20001003 | |
| 905 | @b171800-804@dTN92@eY198@f5 | |
| 数字无线传输/姚庆栋等编著.-杭州:浙江大学出版社,1992.11 |
| 439页;32开 |
| ISBN 7-308-00279-9:4.55元 |
| ● |
| 相关链接 |
|
|
|
正题名:数字无线传输
索取号:TN92/Y198
 
预约/预借
| 序号 | 登录号 | 条形码 | 馆藏地/架位号 | 状态 | 备注 |
| 1 | 171800 | 201718007 | 自科二线504/504自科库 8排4列1层/ [索取号:TN92/Y198] | 在馆 | |
| 2 | 171801 | 201718016 | 自科二线504/504自科库 8排4列1层/ [索取号:TN92/Y198] | 在馆 | |
| 3 | 171802 | 201718025 | 自科二线504/504自科库 8排4列1层/ [索取号:TN92/Y198] | 在馆 | |
| 4 | 171803 | 201718034 | 期刊室512/301自科库 30排3列2层/ [索取号:TN92/Y198] | 在馆 | |
| 5 | 171804 | 201718043 | 期刊室512/301自科库 30排3列2层/ [索取号:TN92/Y198] | 在馆 |